| 000 | 00891nam a2200241Ia 4500 | ||
|---|---|---|---|
| 003 | OSt | ||
| 005 | 20210503131720.0 | ||
| 008 | 210310s2003 ck gr 000 0 spa d | ||
| 020 | _a9589730744 | ||
| 040 |
_aCO-JMCR _cCO-JMCR |
||
| 041 | 0 | _aspa | |
| 082 | 0 | 4 |
_a334.20 / _bC883b _223 |
| 100 | 1 |
_aCracogna, Dante, _915454 _eautor |
|
| 245 | 1 | 0 |
_aBuen gobierno cooperativo : _bhacia un código de buenas prácticas / _cDante Cracogna, Carlos Uribe Garzón |
| 250 | _aPrimera edición | ||
| 260 |
_aBogotá : _bConfederación de Cooperativas de Colombia, _c2003 |
||
| 300 |
_a78 páginas ; _c22 cm. |
||
| 504 | _aBibliografía: páginas 77-78 | ||
| 505 | 0 | _aEl gobierno corporativo -- Buen gobierno cooperativo -- Elementos esenciales para un código de buen gobierno cooperativo | |
| 650 | 1 | 4 |
_aCooperativismo _915456 |
| 700 | 1 |
_aUribe Garzón, Carlos, _eautor _937371 |
|
| 942 |
_2ddc _cBK |
||
| 999 |
_c7786 _d7786 |
||